000
00274nam a2200109Ia 4500
008
230907s9999||||xx |||||||||||||| ||und||
082
_a
621.382
_b
TOM
245
0
_a
Electronic communications systems :
260
_a
Pearson,
_b
Noida :
_c
2011
300
_a
1115 p.
942
_c
BK
999
_c
600527
_d
600527